Numerical methods (Record no. 488)

MARC details
000 -LEADER
Fixed length control field 00476nam a22001937a 4500
003 - CONTROL NUMBER IDENTIFIER
Control field SEACOMMC
005 - DATE AND TIME OF LATEST TRANSACTION
Control field 20231114092421.0
008 - FIXED-LENGTH DATA ELEMENTS--GENERAL INFORMATION
Fixed length control field 231114b |||||||| |||| 00| 0 eng d
020 ## - INTERNATIONAL STANDARD BOOK NUMBER / ISBN
Price Rs. 225.00
040 ## - CATALOGING SOURCE
Original cataloging agency SEACOMMC
082 ## - DEWEY DECIMAL CLASSIFICATION NUMBER
Classification number 518.6
Book Number BAL
100 1# - MAIN ENTRY--PERSONAL NAME
Personal name Balagurusamy, E.
245 1# - TITLE STATEMENT
Title Numerical methods
Statement of responsibility E. Balagurusamy
260 ## - IMPRINT
Place of publication New Delhi
Name of publisher Tata McGraw-Hill
Date of publication 2006
650 ## - SUBJECT ADDED ENTRY--TOPICAL TERM
Topical term Mathematics
650 ## - SUBJECT ADDED ENTRY--TOPICAL TERM
Topical term Numerical analysis
650 ## - SUBJECT ADDED ENTRY--TOPICAL TERM
Topical term Analysis
942 ## - ADDED ENTRY ELEMENTS (KOHA)
Koha item type Books
Holdings
Withdrawn status Lost status Source of classification Damaged status Not for loan Home library Current library Date acquired Total Checkouts Call number Accession number Date last seen Price effective from Koha item type
    Dewey Decimal Classification     SEACOM MANAGEMENT COLLEGE SEACOM MANAGEMENT COLLEGE 06/03/2007   518.6 BAL 06281 14/11/2023 14/11/2023 Books
    Dewey Decimal Classification     SEACOM MANAGEMENT COLLEGE SEACOM MANAGEMENT COLLEGE 06/03/2007   518.6 BAL 06282 14/11/2023 14/11/2023 Books
    Dewey Decimal Classification     SEACOM MANAGEMENT COLLEGE SEACOM MANAGEMENT COLLEGE 06/03/2007   518.6 BAL 06283 14/11/2023 14/11/2023 Books
    Dewey Decimal Classification     SEACOM MANAGEMENT COLLEGE SEACOM MANAGEMENT COLLEGE 06/03/2007   518.6 BAL 06284 14/11/2023 14/11/2023 Books
    Dewey Decimal Classification     SEACOM MANAGEMENT COLLEGE SEACOM MANAGEMENT COLLEGE 06/03/2007   518.6 BAL 06285 14/11/2023 14/11/2023 Books
    Dewey Decimal Classification     SEACOM MANAGEMENT COLLEGE SEACOM MANAGEMENT COLLEGE 06/03/2007   518.6 BAL 06286 14/11/2023 14/11/2023 Books
    Dewey Decimal Classification     SEACOM MANAGEMENT COLLEGE SEACOM MANAGEMENT COLLEGE 06/03/2007   518.6 BAL 06287 14/11/2023 14/11/2023 Books
    Dewey Decimal Classification     SEACOM MANAGEMENT COLLEGE SEACOM MANAGEMENT COLLEGE 06/03/2007   518.6 BAL 06288 14/11/2023 14/11/2023 Books
© Seacom Engineering College, All rights reserved.    Powered by Koha